000 00719nam a2200253Ia 4500
003 OSt
005 20221007110908.0
006 a|||||r|||| 00| 0
007 ta
008 221006b |||||||| |||| 00| 0 eng d
020 _a0210311606
024 _a22,097
037 _cTextual
040 _aLCO
_cLCO
_beng
041 _2eng
_aeng
082 _aX72991:(Z), L0
100 _aChar K.T. Narasimha
245 0 _aPrinciples and Precedents of Estate Duty Foreword by T.L. Venkatarama Aiyar
260 _aNew
_bYork Asia Publishing House U.S.A.
_c1970
300 _a799
650 _aESTATE DUTY
_9243145
942 _hX72991:(Z), L0
_cTEXL
999 _c1191660
_d1191660